00425 a2200133 4500001001000000005001700010008004100027245007400068100002100142700002400163700002000187773006700207999001700274ART_1036220260410161731.0260409a 10aNecesidad y posibilidad de privatización de las empresas públicas1 aBalcells, Rafael1 aPiñeiro, Mario L.1 aUgalde, Alberto0 tEjecutivos de finanzasg- Año 3, Nº 21 (sep. 1985)wREV2863 c17892d17892